A Case of Need

Guardado en:
Bibliografiske detaljer
Hovedforfatter: Hudson, Jeffery
Format: Bog
Sprog:Undetermined
Udgivet: New York, Estados Unidos NAL 1968
Fag:
Tags: Tilføj Tag
Ingen Tags, Vær først til at tagge denne postø!

MARC

LEADER 00000nam a2200000Ia 4500
008 170316s9999 xx 000 0 und d
040 |a cru BVZT 
090 |a 810 H-36a 
100 |a Hudson, Jeffery 
245 2 |a A Case of Need 
260 |a New York, Estados Unidos 
260 |b NAL 
260 |c 1968 
300 |a 243 páginas 
650 |a LITERATURA ESTADOUNIDENSE 
999 |c 5753  |d 5753 
942 |c 15 D  |h 810 H-36a  |2 z